[Event "European GP"]
[Site "Izmir TUR"]
[Date "2003.08.27"]
[Round "3"]
[White "Izoria,Z"]
[Black "Gurcan,S"]
[Result "1-0"]
[WhiteElo "2541"]
[BlackElo "2307"]

1.Nf3 d5 2.d4 Nf6 3.c4 c6 4.Nc3 a6 5.a4 e6 6.Bg5 Bb4 7.e3 Nbd7 8.cxd5 exd5
9.Bd3 a5 10.O-O Be7 11.Qc2 O-O 12.h3 Re8 13.Rae1 Nf8 14.Ne5 N6d7 15.Bxe7 Rxe7
16.f4 f6 17.Nf3 Nb8 18.f5 Na6 19.Bxa6 Rxa6 20.e4 dxe4 21.Nxe4 Bxf5 22.Nxf6+ gxf6
23.Qxf5 Rg7 24.Kh1 Ra8 25.Re4 b6 26.Nh2 Rg5 27.Qf3 f5 28.Re5 Qxd4 29.Qb3+ Kh8
30.Nf3 Qf4 31.Qxb6 Rg6 32.Rxa5 Rb8 33.Qf2 Rd6 34.Nh4 Qxf2 35.Rxf2 Rd1+ 36.Kh2 Rb1
37.Raxf5 Ne6 38.Rf6 Nc5 39.Rxc6 Nd3 40.Rd2 Ne5 41.Rc5 Re1 42.Rcd5 Kg7 43.Nf5+ Kg6
44.Ne7+  1-0

[Event "23rd Open"]
[Site "Bratto ITA"]
[Date "2003.08.28"]
[Round "8"]
[White "Drazic,S"]
[Black "Friedrich,N"]
[Result "1-0"]
[WhiteElo "2463"]
[BlackElo "2252"]

1.d4 d5 2.c4 c6 3.Nf3 Nf6 4.Nc3 a6 5.cxd5 cxd5 6.Bf4 Nc6 7.Rc1 Bf5 8.e3 Rc8
9.h3 e6 10.a3 Be7 11.Na4 O-O 12.Nc5 Ne4 13.Nxe4 Bxe4 14.Nd2 Qa5 15.f3 Bg6
16.Kf2 Qb6 17.Qb3 Qa5 18.Qc3 Qxc3 19.Rxc3 Na5 20.Rc7 Rxc7 21.Bxc7 Nc6 22.Bb6 Rc8
23.Be2 Nb8 24.Bc5 Bd8 25.a4 Bc2 26.Ra1 Nd7 27.Bb4 Rc6 28.g3 Bc7 29.h4 f6
30.a5 Nb8 31.Bc3 Bd6 32.e4 Rc7 33.Bf1 Kf7 34.Bh3 Nc6 35.exd5 exd5 36.Re1 Nb4
37.Re6 Bf8 38.Rb6 Nc6 39.Nf1 Bd3 40.Ne3 Re7 41.Bc8 Nd8 42.Nxd5 Re2+ 43.Kg1 Bc4
44.Nf4 Rc2 45.Bf5 Rc1+ 46.Kg2 g5 47.hxg5 fxg5 48.Nd3  1-0

[Event "HMC Calder Cup A"]
[Site "'s-Hertogenbosch NED"]
[Date "2003.08.30"]
[Round "2"]
[White "Rogozenko,D"]
[Black "Saltaev,M"]
[Result "1/2-1/2"]
[WhiteElo "2522"]
[BlackElo "2484"]

1.d4 d5 2.c4 c6 3.Nf3 Nf6 4.Nc3 a6 5.h3 b5 6.cxd5 cxd5 7.Bf4 Nc6 8.e3 e6
9.Bd3 Bd6 10.Bg5 h6 11.Bxf6 Qxf6 12.Rc1 Bd7 13.O-O O-O 14.Nd2 Na5  1/2-1/2

[Event "Yanofsky Mem"]
[Site "Winnipeg CAN"]
[Date "2003.08.30"]
[Round "3"]
[White "Baragar,F"]
[Black "Sladek,V"]
[Result "1-0"]
[WhiteElo "2272"]
[BlackElo "2071"]

1.d4 d5 2.c4 c6 3.Nf3 Nf6 4.Nc3 a6 5.e3 Bg4 6.h3 Bxf3 7.Qxf3 e6 8.Qd1 Nbd7
9.cxd5 cxd5 10.Be2 Be7 11.O-O O-O 12.Bd2 Rc8 13.Qb1 b5 14.b4 Nb6 15.Rc1 Nc4
16.Be1 Qb6 17.a4 h6 18.Rc2 Nd7 19.axb5 axb5 20.Rca2 Qc6 21.Ra6 Ndb6 22.Bxc4 dxc4
23.R1a5 Ra8 24.Rxa8 Rxa8 25.Nxb5 Rb8 26.Nc3 Nd5 27.Nxd5 exd5 28.Bc3 g6 29.Qb2 Bd8
30.Ra7 Kf8 31.Qa3 Be7 32.Rxe7 Kxe7 33.b5+  1-0

[Event "HMC Calder Cup A"]
[Site "'s-Hertogenbosch NED"]
[Date "2003.08.31"]
[Round "5"]
[White "Van den Bersselaar,J"]
[Black "Saltaev,M"]
[Result "0-1"]
[WhiteElo "2175"]
[BlackElo "2484"]

1.d4 d5 2.c4 c6 3.Nf3 Nf6 4.Nc3 a6 5.e3 b5 6.b3 Bf5 7.Ne5 e6 8.g4 Bg6 9.h4 Bb4
10.Bd2 Qa5 11.Rc1 Ne4 12.Nxe4 Bxe4 13.f3 dxc4 14.bxc4 f6 15.fxe4 fxe5 16.Rh2 exd4
17.exd4 O-O 18.Bxb4 Qxb4+ 19.Qd2 Qe7 20.e5 Ra7 21.Qe3 Rd7 22.Bd3 Qb4+ 23.Rd2 Rdf7
24.Kd1 Rf1+ 25.Kc2 Rxc1+ 26.Kxc1 Qc3+  0-1

[Event "Acropolis GM"]
[Site "Athens GRE"]
[Date "2003.08.31"]
[Round "7"]
[White "Atalik,S"]
[Black "Tzermiadianos,And"]
[Result "0-1"]
[WhiteElo "2599"]
[BlackElo "2418"]

1.d4 d5 2.c4 c6 3.Nf3 Nf6 4.Nc3 a6 5.c5 Nbd7 6.h3 Qc7 7.Bg5 h6 8.Bh4 Nh5
9.g4 g5 10.gxh5 gxh4 11.e3 e5 12.Nxh4 exd4 13.exd4 Qf4 14.Ng2 Qf6 15.Qe2+ Kd8
16.O-O-O Bg7 17.f4 Re8 18.Qd2 Nf8 19.Ne2 Bf5 20.Ne3 Bh7 21.h4 Ne6 22.Bh3 a5
23.f5 Nxc5 24.Nxd5 cxd5 25.dxc5 Qxb2+ 26.Qxb2 Bxb2+ 27.Kxb2 Rxe2+ 28.Kc3 Kc7
29.Rxd5 Rg8 30.Rd6 Rf2 31.Kd4 Re8 32.Rf6 Re7 33.Rg1 Rf4+ 34.Kd5 Rxh4 35.Rg7 Rxh3
36.Rfxf7 Rd3+ 37.Kc4 Rxf7 38.Rxf7+ Rd7 39.Rf8 Rg7 40.f6 Rg4+ 41.Kb5 Bf5 42.c6 bxc6+
43.Kxa5 Bd7 44.Ra8 Rf4  0-1

[Event "Acropolis Open"]
[Site "Athens GRE"]
[Date "2003.09.01"]
[Round "8"]
[White "Efstathiou,D"]
[Black "Shahtahtinsky,A"]
[Result "1-0"]
[WhiteElo "2175"]
[BlackElo "2322"]

1.Nf3 Nf6 2.c4 c6 3.Nc3 d5 4.d4 a6 5.e3 g6 6.Be2 Bg7 7.O-O O-O 8.Ne5 Be6
9.b3 Nbd7 10.f4 c5 11.Bf3 cxd4 12.exd4 Qa5 13.Bd2 Qb6 14.c5 Qc7 15.b4 Rad8
16.Qb3 Nxe5 17.fxe5 Ne4 18.Bf4 f5 19.Bxe4 fxe4 20.Nxe4 Qd7 21.Ng3 Qc6 22.Bg5 Rxf1+
23.Nxf1 Qd7 24.a4 Bf5 25.b5 Be4 26.h3 h6 27.Bd2 Rc8 28.Ng3 e6 29.Re1 Bf5
30.Nxf5 gxf5 31.Rb1 axb5 32.Qxb5 Qxb5 33.Rxb5 Rc7 34.Rb6 Kf7 35.g4 fxg4 36.hxg4 Bf8
37.Kg2 Rd7 38.Kh3 Be7 39.Bxh6 Bd8 40.Rd6 Rxd6 41.exd6 e5 42.dxe5 Ke6 43.Bf4 d4
44.Kg2 Ba5 45.Kf3 d3 46.Ke3 d2 47.Ke2 Bc3 48.Bxd2 Bxe5 49.Kd3 Kd5 50.Be3 Bf6
51.g5 Bd8 52.Bd4  1-0

[Event "Polish Extraleague"]
[Site "Lubniewice POL"]
[Date "2003.09.02"]
[Round "4"]
[White "Jedynak,R"]
[Black "Sapis,W"]
[Result "0-1"]
[WhiteElo "2453"]
[BlackElo "2388"]

1.d4 d5 2.c4 c6 3.Nf3 Nf6 4.Nc3 a6 5.e3 b5 6.b3 Bg4 7.Bd3 e6 8.O-O Nbd7 9.h3 Bh5
10.a4 b4 11.Nb1 a5 12.Nbd2 Be7 13.Bb2 O-O 14.e4 dxe4 15.Nxe4 c5 16.dxc5 Nxc5
17.Nxc5 Bxc5 18.Qe2 Bxf3 19.Qxf3 Bd4 20.Bxd4 Qxd4 21.Rfd1 Qb6 22.Rd2 Rfd8
23.Rad1 Kf8 24.Bxh7 Nxh7 25.Rd7 Ng5 26.Qg3 Rxd7 27.Rxd7 Ne4 28.Qf3 f5 29.Qh5 Qxf2+
30.Kh2 Qg3+ 31.Kh1 Qe1+ 32.Kh2 Qh1+  0-1

[Event "56th ch-RUS"]
[Site "Krasnoyarsk RUS"]
[Date "2003.09.04"]
[Round "2"]
[White "Ulibin,M"]
[Black "Volkov,S"]
[Result "1/2-1/2"]
[WhiteElo "2558"]
[BlackElo "2620"]

1.d4 d5 2.c4 c6 3.Nf3 Nf6 4.Nc3 a6 5.Ne5 Nbd7 6.Bf4 dxc4 7.Nxc4 b5 8.Ne5 Bb7
9.e3 e6 10.Be2 Be7 11.O-O O-O 12.Bf3 Nd5 13.Bg3 Nxe5 14.Bxe5 Nxc3 15.bxc3 Qd7
16.a4 f6 17.Bg3 c5 18.dxc5 Qxd1 19.Rfxd1 Bxf3 20.gxf3 Bxc5 21.axb5 axb5 22.Rab1 Ra5
23.Bc7 Ra7 24.Bd6 Rc8 25.Bxc5 Rxc5 26.Rd8+ Kf7 27.Rb8 Ra5 28.Rb7+ Kg6 29.f4 e5
30.fxe5 Rxe5 31.Rd1 Rg5+ 32.Kf1 Ra2 33.Rdd7 Kh6 34.h4 Rf5 35.f4 Rc5 36.Rxg7 Rxc3
37.Rxh7+ Kg6 38.h5+ Kf5 39.Rxb5+ Ke4 40.Rb1 Rcc2 41.Rg7 Rh2 42.Kg1 Rxh5 43.Re7+ Kd3
44.Rb3+ Ke2 45.Kg2 Rh8 46.Rg7 Ra1 47.Rg3 Rah1  1/2-1/2

[Event "1st League TCh-SCG"]
[Site "Budva SCG"]
[Date "2003.09.06"]
[Round "8"]
[White "Nikcevic,N"]
[Black "Ivanovic,B"]
[Result "1/2-1/2"]
[WhiteElo "2446"]
[BlackElo "2512"]

1.d4 d5 2.c4 c6 3.Nf3 Nf6 4.Nc3 a6 5.Qb3 g6 6.Bf4 dxc4 7.Qxc4 Bg7 8.e4 O-O
9.Rd1 b5 10.Qb3 Qa5 11.Bd2 Qc7 12.Be2 c5 13.O-O cxd4 14.Nxd4 Bb7 15.Be3 Nxe4
16.Nxe4 Bxe4 17.Ne6 Qc6 18.Nxf8 Bxf8 19.f3 Bc2 20.Qd5 Bxd1 21.Rxd1 Qxd5 22.Rxd5 Nc6
23.Rc5 Nd8  1/2-1/2

[Event "Polish Extraleague"]
[Site "Lubniewice POL"]
[Date "2003.09.06"]
[Round "8"]
[White "Dziuba,M"]
[Black "Grabarczyk,M"]
[Result "1/2-1/2"]
[WhiteElo "2450"]
[BlackElo "2508"]

1.d4 d5 2.c4 c6 3.Nc3 Nf6 4.Nf3 a6 5.c5 Nbd7 6.Bf4 Nh5 7.e3 Nxf4 8.exf4 g6
9.Bd3 Qc7 10.g3 Bg7 11.O-O O-O 12.Re1 b6 13.cxb6 Nxb6 14.Qb3 c5 15.dxc5 Qxc5
16.Rac1 Qd6 17.Ne5 Be6 18.Na4 Nxa4 19.Qxa4 a5 20.a3 Qb6  1/2-1/2

[Event "Polish Extraleague"]
[Site "Lubniewice POL"]
[Date "2003.09.06"]
[Round "8"]
[White "Kempinski,R"]
[Black "Sapis,W"]
[Result "1-0"]
[WhiteElo "2565"]
[BlackElo "2388"]

1.d4 c6 2.c4 d5 3.Nf3 Nf6 4.Nc3 a6 5.e3 b5 6.b3 Bg4 7.Bd3 e6 8.O-O Nbd7 9.h3 Bh5
10.Ne2 Bxf3 11.gxf3 Bd6 12.e4 Nh5 13.e5 Bb4 14.cxd5 cxd5 15.a3 Be7 16.Kh2 f5
17.Ng3 Nxg3 18.fxg3 Qb6 19.Bb2 O-O 20.f4 g6 21.g4 Rf7 22.gxf5 gxf5 23.Rg1+ Rg7
24.Qf3 Qd8 25.Bxf5 exf5 26.Qxd5+ Kh8 27.Rxg7 Kxg7 28.Qg2+ Kh8 29.d5 Bh4 30.e6+ Nf6
31.Rg1 Qg8 32.Qxg8+ Rxg8 33.e7  1-0

[Event "1st Misr Closed"]
[Site "Cairo EGY"]
[Date "2003.09.07"]
[Round "7"]
[White "Adly,A"]
[Black "Vysochin,S"]
[Result "1-0"]
[WhiteElo "2429"]
[BlackElo "2560"]

1.d4 d5 2.c4 c6 3.Nc3 Nf6 4.Nf3 a6 5.e3 e6 6.Qc2 c5 7.dxc5 Bxc5 8.a3 dxc4
9.Bxc4 Nbd7 10.b4 Be7 11.Nd4 b5 12.Bxb5 axb5 13.Ncxb5 Nd5 14.e4 Bxb4+ 15.axb4 Nxb4
16.Qc3 Rxa1 17.O-O O-O 18.Qxa1 e5 19.Ba3 Qa5 20.Rb1 exd4 21.Bxb4 Qxa1 22.Rxa1 Rd8
23.Nxd4 Bb7 24.Ra7 Ra8 25.Rxa8+ Bxa8 26.f3 Ne5 27.Bc3 f6 28.Nf5 Nd3 29.Kf1 Kf7
30.Ke2 Nf4+ 31.Kf2 h5 32.g3 Ne6 33.Ke3 Bc6 34.Nd6+ Ke7 35.Bb4 Kd7 36.f4 g6
37.Nf7 Nc7 38.Ba5 Ne6 39.Bb4 Nc7 40.h4 Ke8 41.Nh8 f5 42.Bd6 Nb5 43.e5 Nc3
44.Nxg6 Ne4 45.Ne7 Bd7 46.Kf3 Kf7 47.Bb4 Ke6 48.Kg2 Kf7 49.Kh2 Ke6 50.Kh3 Nf2+
51.Kg2 Ne4 52.Kh2 Nf2 53.Ng6 Kf7 54.Nf8 Bc8 55.Kg2 Ne4 56.Kf3 Be6 57.Kg2 Bc8
58.Kf3 Be6 59.Nh7 Bd5 60.Ke3 Kg7 61.Kd4 Bc6 62.Ng5 Nxg3 63.Kc5 Ba4 64.e6 Ne2
65.Bd2 Kg6 66.e7 Ng3 67.Kd5 Ne4 68.Bb4 Nxg5 69.fxg5 f4 70.Ke4 Bc2+ 71.Kxf4 Kf7
72.Ke5 Bd3 73.Ba3 Bc2 74.Bb4 Bd3 75.Kd6 Bb5 76.Kc7 Ke8 77.Kd6 Kf7 78.Kc7 Ke8
79.g6 Bd3 80.g7 Bh7 81.Kd6 Bg8 82.Ke5 Bc4 83.Kf6 Bf7 84.Bc5 Bg8 85.Kg6 Kd7
86.Kxh5  1-0

[Event "ch-Nordic"]
[Site "Aarhus DEN"]
[Date "2003.09.08"]
[Round "3"]
[White "Schandorff,L"]
[Black "Stefansson,H"]
[Result "1/2-1/2"]
[WhiteElo "2525"]
[BlackElo "2560"]

1.d4 d5 2.c4 c6 3.Nf3 Nf6 4.Nc3 a6 5.e3 b5 6.b3 Bf5 7.Bd3 e6 8.O-O Nbd7 9.Bxf5 exf5
10.cxd5 cxd5 11.Qd3 g6 12.Bb2 Bd6 13.a4 b4 14.Ne2 Qb6 15.Rfc1 Ke7 16.Rc2 Rhc8
17.Rac1 Rxc2 18.Rxc2 Qb7 19.Ne5 Rc8 20.Nf4 Ke8 21.Qd1 Rc7 22.Qc1 Qc8 23.Rxc7 Qxc7
24.Qxc7 Bxc7 25.f3 a5 26.Nxd7 Kxd7 27.Nd3 h5 28.Bc1 h4 29.Bd2 Nh5 30.Be1 g5
31.Bd2 f6 32.Be1 f4 33.Bd2 fxe3 34.Bxe3 Ng7 35.Bf2 Nf5 36.Nc1 Bf4 37.Ne2 Bd2
38.g3 hxg3 39.hxg3 Nd6 40.g4 f5 41.gxf5 Nxf5 42.Kf1 Ne3+ 43.Bxe3 Bxe3 44.Kg2 Ke6
45.Kg3 Kf5 46.Kg2 g4 47.Kg3 Bd2 48.Kf2 Bf4 49.Ng3+ Kg5 50.Ne2 Bc7 51.fxg4 Kxg4
52.Nc1 Bg3+ 53.Kg2 Bf4 54.Nd3 Be3 55.Ne5+ Kf4 56.Nc6 Ke4 57.Nxa5 Bxd4 58.Nc6 Bc5
59.a5 Kd3 60.Kf3 Kc2 61.a6 Kxb3 62.Ke2 Kc3 63.Kd1 b3 64.Kc1 d4 65.a7 Bxa7
66.Nxa7 d3 67.Nb5+ Kb4 68.Kb2 Kxb5 69.Kxb3  1/2-1/2

[Event "1st Misr Closed"]
[Site "Cairo EGY"]
[Date "2003.09.09"]
[Round "10"]
[White "El Gindy,E"]
[Black "Vysochin,S"]
[Result "1/2-1/2"]
[WhiteElo "2498"]
[BlackElo "2560"]

1.d4 d5 2.c4 c6 3.Nc3 Nf6 4.Nf3 a6 5.a4 e6 6.Bg5 Nbd7 7.a5 h6 8.Bxf6 Nxf6
9.c5 g6 10.g3 Bg7 11.Bg2 O-O 12.O-O Nd7 13.e4 dxe4 14.Nxe4 e5 15.Nxe5 Nxe5
16.dxe5 Qxd1 17.Rfxd1 Bxe5 18.Rd2 Be6 19.f4 Bc7 20.b4 Kg7 21.Rd4 Rfd8 22.Rad1 Rxd4
23.Rxd4 Kf8 24.Kf2 Ke7 25.Ke3 Rd8 26.Rxd8 Kxd8 27.Bf1 Kd7 28.h4 Bf5 29.Nd2 Be6
30.Nf3 Bg4 31.Ne5+ Bxe5 32.fxe5 Be6 33.Kf4 Ke7 34.Be2 Kd7 35.g4  1/2-1/2

[Event "56th ch-RUS"]
[Site "Krasnoyarsk RUS"]
[Date "2003.09.09"]
[Round "6"]
[White "Lugovoi,A"]
[Black "Grigoriants,S RUS"]
[Result "1/2-1/2"]
[WhiteElo "2566"]
[BlackElo "2499"]

1.d4 d5 2.c4 c6 3.Nf3 Nf6 4.Nc3 a6 5.a4 e6 6.e3 c5 7.Ne5 Nc6 8.Be2 Bd6 9.Nxc6 bxc6
10.O-O O-O 11.a5 Rb8 12.h3 Qe7 13.dxc5 Bxc5 14.Na4 Bd6 15.b3 Bb7 16.Bb2 Ne4
17.Bd3 f5 18.Qc2 Rbe8 19.Qe2 Qh4 20.Ba3 Bxa3 21.Rxa3 Qe7 22.Raa1 Rf6 23.Rfc1 Rg6
24.f3 Ng3 25.Qc2 c5 26.cxd5 Bxd5 27.e4 fxe4 28.fxe4 Ba8 29.Nxc5 Rf8 30.Re1 Qd6
31.Qc3 Qf4 32.Ra2 Nh5 33.Bc4 Qd6 34.b4 Nf4 35.Bxa6 Rg3 36.Qxg3 Ne2+ 37.Raxe2 Qxg3
38.Bc4 Qc3 39.Bxe6+ Kh8 40.Bd5 Qxb4 41.Nd7 Rd8 42.Nb6 Bxd5 43.exd5 Kg8 44.Re8+  1/2-1/2

[Event "56th ch-RUS"]
[Site "Krasnoyarsk RUS"]
[Date "2003.09.09"]
[Round "6"]
[White "Evdokimov,Alexa"]
[Black "Volkov,S"]
[Result "0-1"]
[WhiteElo "2432"]
[BlackElo "2620"]

1.d4 d5 2.c4 c6 3.Nf3 Nf6 4.Nc3 a6 5.c5 Nbd7 6.Bf4 Nh5 7.e3 g6 8.Bd3 Bg7
9.O-O O-O 10.Bg5 Re8 11.Nd2 Bf6 12.Bxf6 Ndxf6 13.f4 Ng7 14.Nf3 Bf5 15.Ne5 Nd7
16.Nf3 e6 17.Rc1 Qc7 18.Bxf5 exf5 19.Qd3 Re6 20.Rfe1 Rae8 21.b4 Nf6 22.Re2 Ng4
23.Rce1 Nh5 24.g3 Nhf6 25.h3 Nh6 26.Nd1 Kh8 27.a4 Ne4 28.Rg2 a5 29.b5 b6
30.cxb6 Qxb6 31.bxc6 Rxc6 32.Rb2 Qc7 33.Qb5 Rd8 34.Ne5 Rc1 35.Nd3 Ra1 36.Kg2 Ng8
37.N1f2 Rxe1 38.Nxe1 Nd6 39.Qd3 Nf6 40.Nd1 Nfe4 41.Qb3 Nc4 42.Qb7 Qd6 43.Rb3 Ned2
44.Rd3 Kg7 45.Nc3 Qb4 46.Qb5 Rb8 47.Qxd5 Qb2 48.Ne2 Qb1 49.Kf2 Ne4+ 50.Kf1 Qxd3  0-1

[Event "56th ch-RUS"]
[Site "Krasnoyarsk RUS"]
[Date "2003.09.09"]
[Round "6"]
[White "Ivanov,Se1"]
[Black "Epishin,V"]
[Result "1/2-1/2"]
[WhiteElo "2556"]
[BlackElo "2642"]

1.d4 Nf6 2.c4 c6 3.Nc3 d5 4.Nf3 a6 5.Bg5 dxc4 6.a4 Bf5 7.a5 Ne4 8.Nxe4 Bxe4
9.e3 Bxf3 10.gxf3 Qd5 11.Rg1 Nd7 12.Qc2 e6 13.Bxc4 Qxf3 14.Qb3 Be7 15.Bxe7 Kxe7
16.Qb4+ c5 17.dxc5 Qc6 18.Rxg7 Qxc5 19.Qxc5+ Nxc5 20.Ke2 Rac8 21.Rd1 Ne4
22.Rd4 Nf6 23.Bd3 Rhd8 24.Rxd8 Rxd8 25.h4 Rc8 26.Kd2 Kf8 27.Rg1 Ke7 28.b4 h6
29.Rb1 Rd8  1/2-1/2

[Event "TCh-CRO w"]
[Site "Rabac CRO"]
[Date "2003.09.09"]
[Round "3"]
[White "Macek,V"]
[Black "Bazaj Bockai,S"]
[Result "1-0"]
[WhiteElo "2216"]
[BlackElo "2153"]

1.d4 d5 2.c4 c6 3.Nf3 Nf6 4.Nc3 a6 5.cxd5 cxd5 6.Bf4 Nc6 7.e3 Bf5 8.Bd3 Bxd3
9.Qxd3 e6 10.O-O Be7 11.h3 O-O 12.a3 Rc8 13.b4 b5 14.Nd2 Nd7 15.Nb3 Nb6 16.Nc5 Bxc5
17.bxc5 Nc4 18.a4 b4 19.Ne2 f5 20.f3 Qf6 21.Rac1 Rfd8 22.Rxc4 dxc4 23.Qxc4 a5
24.Bd6 Kh8 25.e4 e5 26.d5 Nd4 27.Nxd4 Rxd6 28.Nxf5 Rdd8 29.Rd1 g6 30.Ne3 Qf4
31.Rd3 b3 32.Rxb3 Rb8 33.c6 Rxb3 34.Qxb3 Qf8 35.c7 Rc8 36.Qb6 Qe7 37.d6 Qd7
38.Qc5  1-0

[Event "TCh-CRO"]
[Site "Rabac CRO"]
[Date "2003.09.12"]
[Round "6"]
[White "Kuljasevic,D"]
[Black "Dabo Peranic,R"]
[Result "1-0"]
[WhiteElo "2419"]
[BlackElo "2341"]

1.d4 d5 2.c4 c6 3.Nf3 Nf6 4.Nc3 a6 5.e3 Bg4 6.Qb3 Ra7 7.Ne5 Be6 8.cxd5 cxd5
9.Bd2 g6 10.Rc1 Bg7 11.Qa4+ Bd7 12.Nxd7 Qxd7 13.Qxd7+ Nbxd7 14.Nb5  1-0

[Event "TCh-CRO w"]
[Site "Rabac CRO"]
[Date "2003.09.13"]
[Round "7"]
[White "Medic,Mir"]
[Black "Solic,K"]
[Result "0-1"]
[WhiteElo "2271"]
[BlackElo "2133"]

1.d4 d5 2.Nf3 Nf6 3.c4 c6 4.Nc3 a6 5.a4 Bf5 6.e3 e6 7.Be2 Nbd7 8.O-O Bd6
9.b3 Qe7 10.Bb2 O-O 11.Nh4 Bg6 12.Nxg6 hxg6 13.f4 Rac8 14.c5 Bb8 15.Bd3 b6
16.Bxa6 bxc5 17.Bxc8 cxd4 18.Bxd7 dxc3 19.Bxc3 Nxd7 20.b4 e5 21.fxe5 Nxe5
22.Qd4 f6 23.b5 Rd8 24.Bb4 Qb7 25.b6 Nc4 26.a5 Be5 27.Qg4 Bxa1 28.Qe6+ Kh7
29.Rxa1 Ra8 30.Bc3 Ra6 31.Qh3+ Kg8 32.Qg4 Qe7 33.Qc8+ Kh7 34.b7 Qxe3+ 35.Kh1 Nd6
36.Rb1 Qxc3 37.Qa8 Nxb7 38.Qxa6 Nxa5 39.h3 Nb3 40.Qa4 Nd4 41.Rd1 Nf5 42.Qf4 Qe5
43.Qxe5 fxe5 44.Kg1 g5 45.Re1 e4 46.Rc1 Ne7 47.Kf2 Kg6 48.Ra1 Kf6 49.Ra7 c5
50.Rc7 c4 51.g4 Ke6 52.Ke3 Kd6 53.Ra7 c3 54.Rb7 Nc6 55.Rf7 Ne5 56.Rf8 Nc4+
57.Kd4 c2 58.Rf1 Nd2  0-1

[Event "EYb18"]
[Site "Budva YUG"]
[Date "2003.09.15"]
[Round "3"]
[White "Miljkovic,Mir"]
[Black "Gallissot,A"]
[Result "1-0"]
[WhiteElo "2414"]
[BlackElo "2090"]

1.d4 d5 2.c4 c6 3.Nf3 Nf6 4.Nc3 a6 5.e3 b5 6.cxd5 cxd5 7.Be2 Bb7 8.O-O e6
9.Bd2 Nbd7 10.a4 b4 11.Na2 a5 12.Bb5 Ba6 13.Bxa6 Rxa6 14.Qe2 Qa8 15.Nc1 Bd6
16.Nd3 O-O 17.Rfc1 Rc8 18.Nfe1 Rac6 19.f3 h6 20.b3 R6c7 21.Rab1 Qb8 22.g3 Qb7
23.Rxc7 Rxc7 24.Rc1 Rxc1 25.Bxc1 Qc6 26.Bb2 Bb8 27.Kg2 g5 28.Nf2 Nf8 29.Ned3 N6d7
30.e4 Ng6 31.e5 Qc8 32.Ng4 Kg7 33.Qd2 f5 34.exf6+ Nxf6 35.Nxf6 Kxf6 36.Nc5 Bd6
37.Qd3 Kf7 38.Qb5 Qc7 39.Kh3 h5 40.Bc1 e5 41.Nd3 Qc8+ 42.Kg2 Qc2+ 43.Kf1 Qd1+
44.Kf2 Qc2+ 45.Ke1 Qc3+ 46.Ke2 Qxd4 47.Be3 Qc3 48.Qxd5+ Ke7 49.Bxg5+ Kd7
50.Bd2 Ne7 51.Qb5+ Qc6 52.Nxe5+ Bxe5 53.Qxe5 Nd5 54.Qxh5 Kc8 55.Qh8+ Kb7
56.Qg7+ Ka8 57.Qd4 Nc3+ 58.Bxc3 bxc3 59.Qh8+ Ka7 60.Qd4+ Kb8 61.Qf4+ Ka7
62.Kd1 c2+ 63.Kc1  1-0

[Event "Osen I"]
[Site "Alushta UKR"]
[Date "2003.09.16"]
[Round "3"]
[White "Drozdovskij,Y"]
[Black "Onoprienko,V"]
[Result "1-0"]
[WhiteElo "2458"]
[BlackElo "2403"]

1.d4 d5 2.c4 c6 3.Nf3 Nf6 4.Nc3 a6 5.c5 Bf5 6.Bf4 e6 7.e3 Nbd7 8.Be2 Be7
9.h3 O-O 10.O-O Ne4 11.Nxe4 Bxe4 12.Nd2 Bg6 13.b4 f6 14.Nb3 e5 15.Bh2 Re8
16.Qd2 Bf8 17.Rfe1 b6 18.cxb6 Qxb6 19.a3 Ra7 20.Rac1 Bd6 21.Na5 Nb8 22.dxe5 Bxe5
23.Nxc6 Nxc6 24.Qxd5+ Bf7 25.Qxc6 Qxc6 26.Rxc6 Bb2 27.a4 a5 28.b5 Rd8 29.Bc7 Rda8  1-0

[Event "ECC"]
[Site "Rethymnon GRE"]
[Date "2003.09.30"]
[Round "3"]
[White "Jelling,E"]
[Black "Ferguson,M"]
[Result "1/2-1/2"]
[WhiteElo "2400"]
[BlackElo "2377"]

1.d4 d5 2.Nf3 Nf6 3.c4 c6 4.Nc3 a6 5.e3 b5 6.b3 Bg4 7.Be2 e6 8.O-O Nbd7 9.a4 b4
10.Na2 Be7 11.Bb2 O-O 12.Nc1 c5 13.Nd3 dxc4 14.bxc4 a5 15.h3 Bh5 16.Nf4  1/2-1/2

[Event "2nd League TCh-SCG"]
[Site "Belgrade SCG"]
[Date "2003.10.03"]
[Round "7"]
[White "Mozetic,D"]
[Black "Knezevic,B"]
[Result "1/2-1/2"]
[WhiteElo "2448"]
[BlackElo "2403"]

1.d4 Nf6 2.Nf3 d5 3.c4 c6 4.Nc3 a6 5.e3 b5 6.b3 Bg4 7.Be2 e6 8.O-O Nbd7 9.Bb2 bxc4
10.bxc4 Rb8 11.Rb1 Bb4 12.Rc1 O-O 13.Ne5 Nxe5 14.dxe5 Bxe2 15.Nxe2 Nd7 16.cxd5 cxd5
17.Nf4 Qa5 18.Qg4 Bd2 19.Rc2 Rxb2 20.Rxb2 Nxe5 21.Qg3 Bc3 22.Rb7 Nc4 23.h4 Nd6
24.Rd7  1/2-1/2

[Event "ECC"]
[Site "Rethymnon GRE"]
[Date "2003.10.03"]
[Round "6"]
[White "Solozhenkin,E"]
[Black "Hellsten,J"]
[Result "0-1"]
[WhiteElo "2523"]
[BlackElo "2511"]

1.d4 d5 2.c4 c6 3.Nf3 Nf6 4.Nc3 a6 5.c5 Nbd7 6.Bf4 Nh5 7.e3 g6 8.Bd3 Bg7
9.O-O Nxf4 10.exf4 O-O 11.Re1 Re8 12.Qc2 Qc7 13.f5 e5 14.fxe6 fxe6 15.Na4 e5
16.dxe5 Nxe5 17.Nxe5 Rxe5 18.Qd2 Bf5 19.Rxe5 Qxe5 20.Bxf5 Qxf5 21.Re1 Rf8
22.b3 d4 23.b4 d3 24.Rd1 Bd4 25.Qxd3 Bxf2+ 26.Kh1 Qxd3 27.Rxd3 Bxc5 28.g3 Bxb4
29.Rb3 a5 30.a3 b5 31.Nb6 Bc5 32.Nd7 Rf1+ 33.Kg2 Rf2+ 34.Kh3 Bd4 35.Nb8 Rf6
36.Na6 c5 37.Nc7 b4 38.axb4 cxb4 39.Rb1 Bc3 40.Nd5  0-1

[Event "ECC"]
[Site "Rethymnon GRE"]
[Date "2003.10.03"]
[Round "6"]
[White "Van Wely,L"]
[Black "Dolmatov,S"]
[Result "1/2-1/2"]
[WhiteElo "2661"]
[BlackElo "2605"]

1.d4 d5 2.c4 c6 3.Nf3 Nf6 4.Nc3 a6 5.e3 b5 6.b3 Bg4 7.h3 Bxf3 8.gxf3 e6 9.c5 Nbd7
10.f4 a5 11.Bd3 g6 12.a3 Be7 13.Bd2 Qb8 14.b4 axb4 15.axb4 Rxa1 16.Qxa1 Qb7
17.Kd1 O-O 18.Kc2 Ra8 19.Qb2 Qa6 20.Bc1 Ne8 21.Kb1 Bh4 22.Rf1 Ndf6 23.Qb3 Nc7
24.Bb2 Qb7 25.Bc2 Qc8 26.f3 Nh5 27.Na2 Bf6 28.Nc1 Bg7 29.Qc3 Ra6 30.Qe1 Qd8
31.Rg1 Kf8 32.Nd3 f6 33.Bc3 Qe7 34.Kb2 Ke8 35.Qf2 Kd8 36.Re1 f5 37.Rg1 Bf6
38.Be1 Kc8 39.Bb3 Kb7 40.Kc2 Ra8 41.Bc3 Qd8 42.Kb2 Qf8 43.Bc2 Qb8 44.Kb1  1/2-1/2

[Event "ECC"]
[Site "Rethymnon GRE"]
[Date "2003.10.03"]
[Round "6"]
[White "Brynell,S"]
[Black "Karttunen,M"]
[Result "1/2-1/2"]
[WhiteElo "2511"]
[BlackElo "2381"]

1.d4 d5 2.c4 c6 3.Nf3 Nf6 4.Nc3 a6 5.cxd5 cxd5 6.Bg5 Ne4 7.Bf4 Nc6 8.e3 Nxc3
9.bxc3 g6 10.Bd3 Bg7 11.O-O O-O 12.Rb1 Re8 13.h3 e5 14.dxe5 Nxe5 15.Nxe5 Bxe5
16.Bxe5 Rxe5 17.Qa4 Re7 18.Qd4 Qa5 19.h4 Be6 20.h5 Rc8 21.Rfc1 Qd8 22.Rb6 Qf8
23.Qf6 Rce8 24.Rcb1 Bc8 25.Qf3 Re6 26.Rxe6 Rxe6 27.c4 Qd8 28.cxd5 Rf6 29.Qe4 Rd6
30.h6 Rxd5 31.Bc4 Bf5 32.Qxd5 Qxd5 33.Bxd5 Bxb1 34.Bxb7 Bxa2 35.Bxa6 f5 36.f4 Kf7
37.Bd3 Kf6 38.g4 fxg4 39.e4 Kf7 40.e5 Be6 41.Kf2 Bf5 42.Bc4+ Be6 43.Bd3 Bf5
44.Ke3 Bxd3 45.Kxd3 Ke6 46.Ke4 g3 47.Kf3 Kf5 48.Kxg3 g5 49.fxg5 Kxg5 50.e6  1/2-1/2

[Event "1st ch-Mediterranean"]
[Site "Beruit LIB"]
[Date "2003.10.04"]
[Round "8"]
[White "Sebenik,M"]
[Black "Erdogdu,M"]
[Result "1-0"]
[WhiteElo "2425"]
[BlackElo "2336"]

1.Nf3 d5 2.d4 Nf6 3.c4 c6 4.Nc3 a6 5.cxd5 cxd5 6.Bg5 Ne4 7.Bh4 Qa5 8.Qb3 e6
9.e3 Nc6 10.Bd3 Bd6 11.Bxe4 dxe4 12.Nd2 f5 13.Nc4 Qc7 14.Nxd6+ Qxd6 15.O-O b5
16.Bg3 Qe7 17.d5 Na5 18.Qd1 O-O 19.d6 Qb7 20.Rc1 Bd7 21.Ne2 Nc6 22.Nd4 Rac8
23.Qd2 Nxd4 24.exd4 Qd5 25.Be5 h6 26.Rc7 Rxc7 27.dxc7 Qxa2 28.Qb4 Rf7 29.Qd6 Be8
30.Qd8 Rf8 31.Bd6  1-0

[Event "Open"]
[Site "Winterthur SUI"]
[Date "2003.10.05"]
[Round "3"]
[White "Schneider,Marc"]
[Black "Haas,C"]
[Result "1/2-1/2"]
[WhiteElo "2129"]
[BlackElo "2211"]

1.d4 d5 2.c4 c6 3.Nf3 Nf6 4.Nc3 a6 5.e3 b5 6.b3 Bf5 7.Bd3 Bxd3 8.Qxd3 e6
9.O-O Bd6 10.e4 dxe4 11.Nxe4 Nxe4 12.Qxe4 Ra7 13.Bg5 Be7 14.Be3 O-O 15.Ne5 f5
16.Qf4 g5 17.Qf3 f4 18.Bd2 Qxd4 19.Bc3 Qb6 20.Qe4 Bf6 21.h4 Rg7 22.hxg5 Rxg5
23.Nf3 Rg6 24.Qxe6+ Kg7 25.Ne5 Rg5 26.Rad1 Qc5 27.Nd7 Nxd7 28.Rxd7+ Kg6 29.Bxf6 Rxf6
30.Qg8+ Kh5 31.Qxh7+ Rh6 32.Qf7+ Rhg6 33.Qh7+ Rh6 34.Qf7+ Rhg6  1/2-1/2

[Event "Femida"]
[Site "Kharkov UKR"]
[Date "2003.10.08"]
[Round "3"]
[White "Romanova,I"]
[Black "Maiko,J"]
[Result "1-0"]
[WhiteElo "2256"]
[BlackElo "2178"]

1.d4 d5 2.c4 c6 3.Nc3 Nf6 4.Nf3 a6 5.a4 e6 6.e3 a5 7.Bd3 Be7 8.O-O Nbd7 9.e4 dxe4
10.Nxe4 Nxe4 11.Bxe4 Nf6 12.Bc2 b6 13.Bg5 Bb7 14.Qe2 Qc7 15.Ne5 c5 16.dxc5 Bxc5
17.Rad1 Bd6 18.Rxd6 Qxd6 19.Rd1 Qc7 20.c5 Qxc5 21.Bxf6 gxf6 22.Nxf7 Bd5 23.Nxh8 Ke7
24.Be4 Rd8 25.Qg4  1-0

[Event "ch-Africa"]
[Site "Abuja NGR"]
[Date "2003.10.11"]
[Round "2"]
[White "Lungu,N"]
[Black "Molale,O"]
[Result "1-0"]
[WhiteElo "2270"]
[BlackElo "2181"]

1.Nf3 d5 2.d4 Nf6 3.c4 c6 4.Nc3 a6 5.g3 Bf5 6.a4 e6 7.Bg2 Bb4 8.Qb3 Qa5 9.O-O Nbd7
10.Na2 Be7 11.Qxb7 Rb8 12.Qxc6 Rb6 13.cxd5 exd5 14.Qc8+ Bd8 15.Bd2 Qxa4 16.Nb4 Qb3
17.Nc6 O-O 18.Ba5 Rb8 19.Nxd8 Be4 20.Qc4 Ra8 21.Ne5 Nxe5 22.dxe5 Bxg2 23.Kxg2 h5
24.Bc3 Rb8 25.e4 Ra8 26.Qe2 Rc8 27.Qxa6 g6  1-0